Characterization of beer prepared by continual fermentation : Obh. 10.6.1996 /

Saved in:
Bibliographic Details
Main Author: Rwarasika, Albert Mafara (Author)
Format: Manuscript Book
Language:English
Published: Bratislava : STU v Bratislave ChtF, 1996
Tags: Add Tag
No Tags, Be the first to tag this record!

MARC

LEADER 00000ntm a22000003a 4500
001 stu23940
005 20150617225748.1
008 960621s1996----xo------------------eng-d
040 |a STU  |b slo 
041 0 |a eng 
044 |a xo 
100 1 |a Rwarasika, Albert Mafara  |4 aut 
245 1 |a Characterization of beer prepared by continual fermentation :  |b Obh. 10.6.1996 /  |c [aut.]Rwarasika,Albert Mafara 
260 |a Bratislava :  |b STU v Bratislave ChtF,  |c 1996 
300 |a 46 s :  |b Tab.,grafy,lit 
500 |a Zameranie: Biotechnológia 
996 |b CD12135  |c C*D12135  |l CCI  |s A  |a 24  |w stu23940_0001